El ingenioso hidalgo don quijote de la mancha. tomo i /
Guardado en:
| Autor Principal: | |
|---|---|
| Formato: | Libro |
| Publicado: |
Buenos Aires :
Kapelusz,
1979
|
| Etiquetas: |
Agregar Etiqueta
Sin Etiquetas, Sea el primero en etiquetar este registro!
|
| LEADER | 01357nam a22002895a 4500 | ||
|---|---|---|---|
| 001 | CEM.cems001580 | ||
| 005 | 20060214000000.0 | ||
| 008 | 130507s1979##################000#0#####d | ||
| 003 | CEMS | ||
| 082 | 0 | 4 | |a 863.3 |
| 100 | 1 | |a Cervantes Saavedra, Miguel de | |
| 245 | 1 | 0 | |a El ingenioso hidalgo don quijote de la mancha. tomo i / |
| 260 | |a Buenos Aires : |b Kapelusz, |c 1979 | ||
| 300 | |a 602 p.1 | ||
| 859 | |a CEMS |b BIB. CEMS - 11 de abril |h 863.3 |i C337/I |p 11313.82 |t Ej.3 | ||
| 859 | |a CEMS |b BIB. CEMS - 11 de abril |h 863.3 |i C337/I |p 7452.80 |t Ej.1 | ||
| 859 | |a CEMS |b BIB. CEMS - 11 de abril |h 863.3 |i C337/I |p 7454.80 |t Ej.2 | ||
| 859 | |a CEMS |b BIB. CEMS - 11 de abril |h 863.3 |i C337/I |p 7458.80 |t Ej.4 | ||
| 859 | |a CEMS |b BIB. CEMS - 11 de abril |h 863.3 |i C337/I |p 7462.80 |t Ej.6 | ||
| 859 | |a CEMS |b BIB. CEMS - 11 de abril |h 863.3 |i C337/I |p 8374.80 |t Ej.8 | ||
| 859 | |a CEMS |b BIB. CEMS - 11 de abril |h 863.3 |i C337/I |p 8375.80 |t Ej.9 | ||
| 859 | |a CEMS |b BIB. CEMS - 11 de abril |h 863.3 |i C337/I |p 8376.80 |t Ej.10 | ||
| 859 | |a CEMS |b BIB. CEMS - 11 de abril |h 863.3 |i C337/I |p 8377.80 |t Ej.11 | ||
| 859 | |a CEMS |b BIB. CEMS - 11 de abril |h 863.3 |i C337/I |p 8379.80 |t Ej.13 | ||
| 859 | |a CEMS |b BIB. CEMS - 11 de abril |h 863.3 |i C337/I |p 8380.80 |t Ej.12 | ||
| 859 | |a CEMS |b BIB. CEMS - 11 de abril |h 863.3 |i C337/I |p 8381.80 |t Ej.7 | ||
| 859 | |a CEMS |b BIB. CEMS - 11 de abril |h 863.3 |i C337/I |p 8382.80 |t Ej.5 | ||
